| 000 | 01322nam a2200229Ia 4500 | ||
|---|---|---|---|
| 003 | Ost | ||
| 005 | 20260416102349.0 | ||
| 008 | 260416s9999||||xx |||||||||||||| ||und|| | ||
| 040 | _cfsecg | ||
| 041 | _aara | ||
| 082 | _a657 | ||
| 100 |
_aحواس، صلاح _eمؤلف |
||
| 245 | 0 |
_aالمحاسبة بين النظرية والتطبيق : _bالقراءات التاريخية والإصلاحات ومفاهيم جديدة / _c صلاح حواس |
|
| 260 |
_aالجزائر _bجامعة الجزائر3: كلية العلوم الإقتصادية، العلوم التجارية وعلوم التسيير _c2013 |
||
| 300 |
_a188 ورقة _bايضاحات _c30 سم |
||
| 504 | _aببليوغرافيا: ص.182 | ||
| 520 | _aالحقبة التاريخية للمحاسبة، ماهية المحاسبة، نظريات المحاسبة، المحاسبة كنظام معلومات، القراءة التاريخية لتطور المعايير المحاسبية الدولية، عرض مضامين المعايير الدولية للمحاسبة | ||
| 653 | _aالمحاسبة | ||
| 653 | _aالمحاسبة الدولية | ||
| 710 |
_aجامعة الجزائر3: كلية العلوم الإقتصادية، العلوم التجارية وعلوم التسيير _eناشر علمي |
||
| 942 | _cHANDOUT | ||
| 999 |
_c40950 _d40950 |
||